[Event "Sochi City-ch"]
[Site "Sochi"]
[Date "2017.09.02"]
[Round "2"]
[White "Derevshikov, Nikita"]
[Black "Bodrykh, Maya"]
[Result "1-0"]
[WhiteElo "1668"]
[BlackElo "1140"]
[PlyCount "62"]
[EventDate "2017.09.02"]
[EventType "swiss"]
[EventRounds "9"]
[EventCountry "RUS"]
[SourceTitle "CBM 180 Extra"]
[Source "ChessBase"]
[SourceDate "2017.10.06"]
[SourceVersion "1"]
[SourceVersionDate "2017.10.06"]
[SourceQuality "1"]

1. e4 e5 2. Nf3 d6 3. Bc4 Be7 4. 0-0 Nf6 5. Re1 Bg4 6. c3 0-0 7. h3 Bh5 8. d4 exd4 9. cxd4 Nc6 10. Be3 Nxe4 11. Bd5 Ng5 12. Bxc6 bxc6 13. Bxg5 Bxg5 14. Nc3 d5 15. Qd3 Bg6 16. Qa6 Rb8 17. Nxg5 Qxg5 18. Qxc6 Rxb2 19. Qxd5 Qd2 20. Ne2 Bd3 21. Rad1 Qc2 22. Rc1 Qa4 23. Nf4 Rb5 24. Qf3 Bf5 25. Rxc7 Qxd4 26. Rce7 Rfb8 27. Qg3 Rb1 28. Rxb1 Bxb1 29. a3 Qd1+ 30. Kh2 Qa4 31. Ne6 Bg6 1-0